000 00476nam a2200181Ia 4500
008 240925s9999 xx 000 0 und d
020 _a534377572
082 _a515.1 SWO
100 _aSwokowski, Earl W.
245 0 _aPrecalculus: functions and graphs
250 _a9th
260 _aLondon:
_bThomas lear
_c,1998.
300 _aVarious pages
_b0
_fOriginal
500 _aIncludes Index
600 _aHumanities & Natural Science
650 _aMathematics
942 _cBK
999 _c14611
_d14611